Southville International School and Colleges
Your cart is empty.
  • Cart
  • Lists
    Public lists Eva Luna New books Lux_list list_1
    Your lists Log in to create your own lists
  • Log in to your account
  • Your cookies
  • Search history
Southville International School and Colleges
  • Advanced search
  • Recent comments
  • Most popular
  • Libraries

Log in to your account

Log in with GOOGLE


If you do not have an external account, but do have a local account, you can still log in:

  1. Home
  2. MARC view: Junior School Atlas./
Normal view MARC view ISBD view

Junior School Atlas./ (Record no. 3856)

[ view plain ]
MARC details
000 -LEADER
fixed length control field 00567nam a22002177a 4500
003 - CONTROL NUMBER IDENTIFIER
control field OSt
005 - DATE AND TIME OF LATEST TRANSACTION
control field 20140310181808.0
008 - FIXED-LENGTH DATA ELEMENTS--GENERAL INFORMATION
fixed length control field 130704t xxu||||| |||| 00| 0 eng d
020 ## - INTERNATIONAL STANDARD BOOK NUMBER
International Standard Book Number 9780540057481
050 ## - LIBRARY OF CONGRESS CALL NUMBER
Classification number G 1019
Item number .J95 1993
082 ## - DEWEY DECIMAL CLASSIFICATION NUMBER
Classification number REF 912
Item number J95 1993
245 ## - TITLE STATEMENT
Title Junior School Atlas./
260 ## - PUBLICATION, DISTRIBUTION, ETC. (IMPRINT)
Place of publication, distribution, etc Great britain :
Name of publisher, distributor, etc George Philip ltd,
Date of publication, distribution, etc 1993.
300 ## - PHYSICAL DESCRIPTION
Extent 64p. :
Other physical details ill. (col.) ;
Dimensions 29cm.
500 ## - GENERAL NOTE
General note Includes Index
520 ## - SUMMARY, ETC.
Summary, etc 1. Atlas
521 ## - TARGET AUDIENCE NOTE
Target audience note
541 ## - IMMEDIATE SOURCE OF ACQUISITION NOTE
-- 1
562 ## - COPY AND VERSION IDENTIFICATION NOTE
Number of copies 1
942 ## - ADDED ENTRY ELEMENTS (KOHA)
Source of classification or shelving scheme Library of Congress Classification
Koha item type
Call number prefix
Holdings
Withdrawn status Lost status Source of classification or shelving scheme Damaged status Home library Current library Shelving location Date acquired Total Checkouts Full call number Barcode Date last seen Copy number Price effective from Koha item type
    Library of Congress Classification   Luxembourg Library Luxembourg Library Reference Section 07/04/2013   G 1019 .J95 1993 4878 08/13/2013 1 07/04/2013 Books

Junior School Atlas./

APA

(1993). Junior School Atlas. Great britain: George Philip ltd.

Chicago

1993. Junior School Atlas. Great britain: George Philip ltd.

Harvard

(1993). Junior School Atlas. Great britain: George Philip ltd.

MLA

Junior School Atlas. Great britain: George Philip ltd. 1993.

  • Place hold
  • Print
  • Cite
  • Add to your cart (remove)
  • Save record
    BIBTEX Dublin Core MARCXML MARC (non-Unicode/MARC-8) MARC (Unicode/UTF-8) MARC (Unicode/UTF-8, Standard) MODS (XML) RIS
  • More searches
    Search for this title in:
    Other Libraries (WorldCat) Other Databases (Google Scholar) Online Stores (Bookfinder.com) Open Library (openlibrary.org)

Exporting to Dublin Core...

SOUTHVILLE LIBRARY

Southville International School and Colleges Library

1281 Tropical Ave. Cor. Luxembourg St., BF Homes International, Las Pinas City

Tel. No. 8256374 / 252358 Loc. 117/146

Powered by Koha